Table générale des matières pour la collection complète des décrets de l'Assemblée nationale rendus en 1789 et 1790 ; précédée d'une table chronologique de ces mêmes décrets.

Bibliographic Details
Corporate Author: France. Assemblée nationale constituante (1789-1791)
Other Authors: Baudouin, François-Jean, ǂd 1759-1838 (Printer)
Format: Book
Language:French
Published: Paris : Baudouin, imprimeur de l'Assemblée nationale, 1791.
Subjects:

MARC

Tag First Indicator Second Indicator Subfields
LEADER 00000cam a2200000I 4500
001 in00002716005
005 20250911194851.2
008 780223s1791 fr i 001 0 fre
010 |a  08022449  
019 |a 9368729 
035 |a (OCoLC)ocm03663190 
035 |a (OCoLC)3663190  |z (OCoLC)9368729 
040 |a DLC  |c FDA  |d OCLCQ  |d CUY  |d TXA  |d UtOrBLW 
043 |a e-fr--- 
049 |a TXAM 
050 0 4 |a DC141.5  |b .A3 
090 |a DC141.5  |b .A3 table 
110 1 |a France.  |b Assemblée nationale constituante (1789-1791) 
245 1 0 |a Table générale des matières pour la collection complète des décrets de l'Assemblée nationale rendus en 1789 et 1790 ;  |b précédée d'une table chronologique de ces mêmes décrets. 
264 1 |a Paris :  |b Baudouin, imprimeur de l'Assemblée nationale,  |c 1791. 
300 |a 132, 374 pages ;  |c 20 cm. 
336 |a text  |b txt  |2 rdacontent 
337 |a unmediated  |b n  |2 rdamedia 
338 |a volume  |b nc  |2 rdacarrier 
500 |a Lettered: Collection des décrets, 18. 
500 |a Indexes the Collection générale des décrets rendus par de l'Assemblée nationale. 
650 0 |a Statutes  |z France  |v Indexes. 
651 0 |a France  |x History  |y Revolution, 1789-1799. 
700 1 |a Baudouin, François-Jean, ǂd 1759-1838,  |e printer.  |1 https://id.oclc.org/worldcat/entity/E39PBJwX8Mp7469KRRqTKB4jG3 
730 0 |a Collection générale des décrets rendus par de l'Assemblée nationale. 
948 |a cataloged  |b h  |c 2011/9/8  |d c  |e hgolay  |f 10:22:46 am 
994 |a C0  |b TXA 
999 |a MARS 
999 f f |s 3b6e4305-ee30-386d-b722-8ecc6044693d  |i b6f3cc06-9e43-352f-a271-5b62dc5983d6  |t 0 
952 f f |p noncirc  |a Texas A&M University  |b College Station  |c Cushing Memorial Library & Archives  |d Cushing: Dawson French (Does not check out)  |t 0  |e DC141.5 .A3 table  |h Library of Congress classification  |i unmediated -- volume  |m A1485390988M 
952 f f |p noncirc  |a Texas A&M University  |b College Station  |c Cushing Memorial Library & Archives  |d Cushing: Dawson French (Does not check out)  |t 0  |e DC141.5 .A3 table  |h Library of Congress classification  |i unmediated -- volume  |m A1485390987L 
998 f f |a DC141.5 .A3 table  |t 0  |l Cushing: Dawson French (Does not check out) 
998 f f |a DC141.5 .A3 table  |t 0  |l Cushing: Dawson French (Does not check out)